000 00532nam a2200205Ia 4500
005 20230111103128.0
008 131103s9999 xx 000 0 und d
040 _aLoreto College
041 _aEnglish
082 _a821.4
_bMIL-STE
100 _aSteadman,John M.
245 _aMilton and the renaissance hero
_cJohn M.Steadman
260 _aOxford
_bClarendon Press
_c1967
300 _axx,209 p.
504 _aIncludes index
650 _aEnglish Poetry
651 _aMilton - Criticism
850 _aLCLIB
942 _cBK
999 _c5730
_d56209